00600nam a2200169Ia 4500008004100000020001800041041000800059082001600067100003900083245004600122250000600168260006400174300001200238650003100250999001900281952013000300210716s2012 xx 000 0 und d a9789380578903 aeng a003.55 PANP aPannu, Praveen; Tomar, Yuki Azaad. aCommunication technology for development. a1 aNew DelhibI K International Publishing House Pvt Ltdc2012 axvi,349 aInformation Theory(003.54) c194128d194128 001040708MCAaAIMITbAIMITeKnowledge Worldg315.00l0o003.55 PANPpMCA13636r2025-07-21 00:00:00v236.25w2021-07-16yBK